000 00628nam a22002057a 4500
999 _c4488
_d4488
003 AR-CdUCM
008 190308b ||||| |||| 00| 0 spa d
040 _aMUNICIPALIDAD PROVINCIAL DEL CUSCO
_cBIBLIOTECA MUNICIPAL DEL CUSCO
082 _a860 /
_bG85
100 _aGubern, Jorge
_914091
245 _aAventuras de Marco Polo /
260 _aBarcelona :
_bMateu ;
_c1958.
300 _a254 páginas ;
_bIlustraciones
_c20cm
440 _aColección Juvenil Cadete
_914092
505 _aContenido: Novela
650 _aNovela española
_914093
650 _aLiteratura española
_9362
942 _2ddc
_cLIBROS
945 _anom